000 00737nam a2200229Ia 4500
005 20260430150737.0
008 008 250103s9999 xx 000 0 hin d
037 _aTheses
040 _aCRL
040 _bhin
040 _chin
041 _2hin
041 _ahin
084 _qCRL
100 _aशिखा, ले.
_9865266
245 0 _aप्रेम और विद्रोह की अवधारणा और मनोहर श्याम जोशी के उपन्यास
260 _c2021
300 _a246पृ0
700 _aदिल्ली विश्वविद्यालय. कला संकाय. हिन्दी विभाग
942 _cTH
999 _c1850560
_d1850560